Rizikový kapitál v podmienkach SR

Rizikové financovanie na pokrytie potrieb podnikov v podmienkach SR. Slovenská asociácia rizikového kapitálu SLOVCA. Jej vznik, ciele, zakladajúci členovia, plnoprávni členovia, pridružení členovia. Perspektívy využitia rizikového kapitálu na Slovensku.

Salvato in:
Dettagli Bibliografici
Autore principale: Trúchly, Peter
Natura: Capitolo di libro
Lingua:slovacco
Soggetti:
Tags: Aggiungi Tag
Nessun Tag, puoi essere il primo ad aggiungerne!!

MARC

LEADER 00000naa$a2200000$$$4500
001 0048774
005 20240611084031.1
041 0 |a slo 
044 |a SK 
245 1 0 |a Rizikový kapitál v podmienkach SR  |c Peter Trúchly 
520 |a Rizikové financovanie na pokrytie potrieb podnikov v podmienkach SR. Slovenská asociácia rizikového kapitálu SLOVCA. Jej vznik, ciele, zakladajúci členovia, plnoprávni členovia, pridružení členovia. Perspektívy využitia rizikového kapitálu na Slovensku. 
610 2 0 |a financovanie 
610 2 0 |a kapitál bankový 
610 2 0 |a kapitál rizikový 
610 2 0 |a trh kapitálový 
610 2 0 |a úver 
610 2 0 |a bankovníctvo 
610 2 0 |a fond rizikový 
610 2 0 |a investori 
610 2 0 |a zdroje finančné 
610 2 0 |a legislatíva 
610 2 0 |a SLOVCA 
100 1 |a Trúchly, Peter